Word Ladder: Categorical II Quiz Stats

 Plays Quiz Updated May 6, 2012

Support Sporcle.
Go Orange.
Score 0/31 Timer 04:00
0 Plays Today
Hint Word % Correct
Staple food, especially in AsiaRICE
93.7%
In basketball: ____ dunkSLAM
91.8%
Vatican inhabitantPOPE
91.3%
Hockey locationRINK
90.1%
A naturally raised area of landHILL
89%
Reality show following policeCOPS
89%
Alkaline fluid stored in gallbladderBILE
88.6%
Superman's girlfriendLANE
88.1%
Co-founder of MicrosoftBILL
88%
BovinesCOWS
87.9%
Matrix dimensions: ____ and columnsROWS
87.2%
Killed his brother AbelCAIN
87.2%
In baseball: ____ driveLINE
87%
1977 Best Picture Winner: ''Annie ____''HALL
86.6%
'Never Gonna Give You Up' singerRICK
85.7%
'Savior' band: ____ AgainstRISE
84.8%
Hint Word % Correct
In wrestling: ____ driverPILE
84.7%
'The Legend of Zelda' protagonistLINK
84%
Maker of the first American flagROSS
82.1%
'Son's Gonna Rise' band: Citizen ____COPE
81.5%
Titanic survivor: ____ DeWitt BukaterROSE
80.8%
Mario's [green] mode of transportationPIPE
78.9%
Bought for 3 cents an acre in 1803LAND
77.2%
1988 Best Picture winner: ''____ Man''RAIN
75.9%
'Family Guy' bar: The Drunken ____CLAM
75.1%
Former name of ThailandSIAM
74.2%
Actor James of ''The Godfather''CAAN
71%
Surprise attack in warRAID
69%
Individual players come together to form thisCLAN
69%
'Atlas Shrugged' authorRAND
67.2%
Game starring Master ChiefHALO
54.2%

Today's Daily Dose

You're not logged in!

Compare scores with friends on all Sporcle quizzes.
OR
Log In

From the Vault

Eponym or EpoNOT?

by MSUKent

We look forward to 'EpoNOT' eventually being added to the dictionary.
Remove Ads.
Support Sporcle.
Get the best of Sporcle when you Go Orange. This ad-free experience offers more features, more stats, and more fun while also helping to support Sporcle. Thank you for becoming a member.

Show Comments

Extras

Top Quizzes Today


Score Distribution

Your Account Isn't Verified!

In order to create a playlist on Sporcle, you need to verify the email address you used during registration. Go to your Sporcle Settings to finish the process.

Report this User

Report this user for behavior that violates our Community Guidelines.

Details: